| 000 | 00780nam a2200253Ia 4500 | ||
|---|---|---|---|
| 003 | OSt | ||
| 005 | 20220923223146.0 | ||
| 006 | a|||||r|||| 00| 0 | ||
| 007 | ta | ||
| 008 | 220922b |||||||| |||| 00| 0 hin d | ||
| 024 | _a211,420 | ||
| 037 | _cTextual | ||
| 040 |
_aARTS _cARTS _bhin |
||
| 041 |
_2hin _ahin |
||
| 082 | _aO152,3N31x, K8 | ||
| 100 | _aभंडारी, मन्नू | ||
| 245 | 0 | _aएक प्लेट सैलाब | |
| 246 | _aEk pleṭ sailāba | ||
| 260 |
_aदिल्ली _b अक्षर प्रका0 _c1968 |
||
| 300 |
_a151पृ. _ccm. |
||
| 650 |
_aहिन्दी साहित्य _9156264 |
||
| 942 |
_hO152,3N31x, K8 _cTEXL _2CC |
||
| 999 |
_c361695 _d361695 |
||